| 000 | 00889nam a2200253Ia 4500 | ||
|---|---|---|---|
| 008 | 130821s1985 sp a gr spa | ||
| 020 | _a84 7339 725 8 | ||
| 040 |
_aCo-BoUCM _bspa |
||
| 041 | 0 | 0 | _aspa |
| 100 | 1 |
_aGoody, Jack _d1919- _9169555 |
|
| 245 | 1 | 3 |
_aLa domesticación del pensamiento salvaje _cJack Goody ; traducción Marco Virgilio García Quintela |
| 260 |
_aMadrid (España) _bAkal _c1985 |
||
| 300 |
_a188 páginas _bilustraciones, tablas |
||
| 490 | 0 | _aSerie interdisciplinar | |
| 500 | _aDonación UCM-C-Arrayanes. | ||
| 504 | _aIncluye referencias bibliograficas. | ||
| 650 |
_aCognición _911099 |
||
| 650 |
_aDesarrollo social _912991 |
||
| 650 |
_aEtnopsicología _915290 |
||
| 650 |
_9137 _aComunicación |
||
| 700 |
_aGarcía Quintela, Marco Virgilio _etrad. _944071 |
||
| 942 |
_cLIBRO _a5 _e1 _mG658d _2DEWEY _h302.22 |
||
| 999 |
_c76762 _d76762 |
||